Top 10 des animaux les plus meurtrier pour l'Homme en 2025 - Figaro - Statistiques

Statistiques générales
  • Ce quiz a été pris 134 fois
  • Le résultat moyen est 6 sur 10
Statistiques - réponses
Box-office % Correct
4e Chien
85%
10e Lion
84%
1er Moustique
84%
3e Serpent
79%
8e Eléphant
64%
9e Hippopotame
61%
7e Crocodile
57%
6e Scorpion
40%
2nd Escargot d'eau douce
9%
5e Punaise assasine
8%
Aucun quiz correspondant
Distribution des résultats
% des personnes avec chaque résultat
Percentile par nombre de réponses
Votre historique - résultats
Vous n’avez pas pris ce quiz